01534 a2200169 45000010006000000050017000060080041000230030015000640400040000790800046001192450037001650200018002022640034002203000019002545051068002731000023013414789220260407155744.0260407a1985 arg spa dAR-UNSa-BCEJYS aAR-UNSa-BCEJYSbspacAR-UNSa-BCEJYS a004.2xAnálisis y diseños de sistemas10aInformática, presente y futuro a968-451-567-7 1aMéxico :bMcGraw-Hillc1985 a670 p.c24 cm. a1. Qué son las computadoras: Introducción - 2. Computadoras en el trabajo: panorama general - 3. Beneficios de las computadoras: resumen - 4. Efecto de la computadora en el trabajo: panorama - 5. Conceptos sobre el procesador central: los códigos y los componentes - 6. Captura de datos - 7. Almacenamiento secundario de las computadoras - 8. Salida de computadoras - 9. Micros, minis, macros y supercomputadoras - 10. Comunicación de datos y redes de proceso distribuido de datos - 11. Sistemas de proceso de la palabra y de correo/mensajería electrónicos - 12. Análisis de la programación - 13. Preparación de programas para computadora: panorama - 14. Programación en BASIC - 15. Sistemas operativos: conceptos y funciones - 16. Consideraciones de análisis, diseño e implantación de sistemas - 17. Opciones de archivo y proceso de los sistemas - 18. Sistemas de información gerencial - 19. El efecto de las computadoras en la sociedad - 20. El efecto de las computadoras en las organizaciones - 21. El futuro de las computadoras - 1 aSanders, Donald H.